Keep Calm and Celebrate Holidays Quiz Stats

 Plays Quiz Updated Nov 20, 2017

Challenge
Share
Tweet
Score 0/20 Timer 06:00
4 Plays Today
% Correct
Christmas
99.7%
Easter
98.3%
Halloween
96.8%
Thanksgiving Day
96.4%
Valentine's Day
95.6%
Mother's Day
95.1%
Father's Day
95%
Saint Patrick's Day
94.6%
April Fools' Day
93.4%
Martin Luther King Jr. Day
92%
% Correct
US Independence Day
89.7%
New Year's Day
85%
Pi Day
82.8%
Canada Day
81.5%
Election Day
77%
Mardi Gras
74.2%
Bastille Day
73%
Hanukkah
70.2%
Guy Fawkes Night
63.5%
Passover
61%

You're not logged in!

Compare scores with friends on all Sporcle quizzes.
OR
Log In

You Might Also Like...

Show Comments

Extras

Top Quizzes Today


Score Distribution

Your Account Isn't Verified!

In order to create a playlist on Sporcle, you need to verify the email address you used during registration. Go to your Sporcle Settings to finish the process.

Report this User

Report this user for behavior that violates our Community Guidelines.

Details: